Changing Policy Priorities in an Aging Society (Record no. 5846)
[ view plain ]
| 000 -LEADER | |
|---|---|
| fixed length control field | 00589nas a22002057i 4500 |
| 001 - CONTROL NUMBER | |
| control field | 6227 |
| 003 - CONTROL NUMBER IDENTIFIER | |
| control field | OSt |
| 005 - DATE AND TIME OF LATEST TRANSACTION | |
| control field | 20181121090409.0 |
| 007 - PHYSICAL DESCRIPTION FIXED FIELD--GENERAL INFORMATION | |
| fixed length control field | tu |
| 008 - FIXED-LENGTH DATA ELEMENTS--GENERAL INFORMATION | |
| fixed length control field | 161220s2004 xxu||||| |||| 00| 0 d |
| 020 ## - INTERNATIONAL STANDARD BOOK NUMBER | |
| International Standard Book Number | 4795514798 |
| 024 7# - OTHER STANDARD IDENTIFIER | |
| Standard number or code | 6227 |
| Source of number or code | RID |
| 024 7# - OTHER STANDARD IDENTIFIER | |
| Standard number or code | 6227 |
| Source of number or code | RSN (alt) |
| 040 ## - CATALOGING SOURCE | |
| Transcribing agency | OSt |
| 100 1# - MAIN ENTRY--PERSONAL NAME | |
| Personal name | Sawai, Yasuo |
| Relator term | Ed. |
| 245 00 - TITLE STATEMENT | |
| Title | Changing Policy Priorities in an Aging Society |
| Remainder of title | Perspective in Common between Japan and the United States |
| 260 ## - PUBLICATION, DISTRIBUTION, ETC. | |
| Place of publication, distribution, etc. | Tokyo : |
| Name of publisher, distributor, etc. | National Institute for Research Advancement (NIRA), |
| Date of publication, distribution, etc. | 2004. |
| 490 ## - SERIES STATEMENT | |
| Series statement | NIRA Research Output |
| Volume/sequential designation | 17/1 |
| 942 ## - ADDED ENTRY ELEMENTS (KOHA) | |
| Koha item type | Paper |
| Withdrawn status | Lost status | Damaged status | Not for loan | Home library | Current library | Shelving location | Date acquired | Inventory number | Total Checkouts | Barcode | Date last seen | Price effective from | Koha item type |
|---|---|---|---|---|---|---|---|---|---|---|---|---|---|
| WIIW | WIIW | Library | 08/04/2004 | 6227 | 10001713 | 01/26/2017 | 01/26/2017 | Paper |
